The agrarian question and reformism in Latin America / (Record no. 13213)

000 -LEADER
fixed length control field 00507pam a2200181 a 4500
020 ## - INTERNATIONAL STANDARD BOOK NUMBER
ISBN 0801825318
020 ## - INTERNATIONAL STANDARD BOOK NUMBER
ISBN 0801825326 (pbk.)
040 ## - CATALOGING SOURCE
Transcribing agency DLC
082 00 - DEWEY DECIMAL CLASSIFICATION NUMBER
Classification number 338 THE 1981 A013 Or.
100 1# - MAIN ENTRY--AUTHOR NAME
Personal name De Janvry, Alain.
245 14 - TITLE STATEMENT
Title The agrarian question and reformism in Latin America /
260 ## - PUBLICATION, DISTRIBUTION, ETC. (IMPRINT)
Place of publication Baltimore :
Name of publisher The Johns Hopkins University Press,
Year of publication c1981.
300 ## - PHYSICAL DESCRIPTION
Number of Pages xvi, 311 p. ;
Dimensions 24 cm.
500 ## - GENERAL NOTE
General note Includes index.
650 #0 - SUBJECT ADDED ENTRY--TOPICAL TERM
Topical Term Agriculture and state
650 #0 - SUBJECT ADDED ENTRY--TOPICAL TERM
Topical Term Land reform
942 ## - ADDED ENTRY ELEMENTS (KOHA)
Koha item type សៀវភៅភាសាអង់គ្លេស
952 ## - LOCATION AND ITEM INFORMATION (KOHA)
Withdrawn status [LOCAL, KOHA] 0
Holdings
Permanent Location Date acquired Koha item type Lost status Shelving location Barcode Current Location Full call number
Library Block A2017-08-22សៀវភៅភាសាអង់គ្លេស A013A17732Library Block A338 THE 1981 A013 Or.
មជ្ឈមណ្ឌលឯការនៃសាកលវិទ្យាល័យភូមិន្ទកសិកម្មចំការដូង

Powered by Koha